Thiết kế bài giảng lịch sử trung học cơ sở 6 theo chương trình và SGK do Bộ giáo dục và đào tạo ban hành năm 2002
Kaydedildi:
| Yazar: | |
|---|---|
| Materyal Türü: | Kitap |
| Baskı/Yayın Bilgisi: |
Hà Nội
ĐHQG Hà Nội
2002
|
| Konular: | |
| Etiketler: |
Etiketle
Etiket eklenmemiş, İlk siz ekleyin!
|
| Thư viện lưu trữ: | Trung tâm Học liệu Lê Vũ Hùng, Trường Đại học Đồng Tháp |
|---|
| LEADER | 00900pam a22002538a 4500 | ||
|---|---|---|---|
| 001 | 00040744 | ||
| 005 | 20180118140150.0 | ||
| 008 | 161010s2015 ||||||Viesd | ||
| 020 | # | # | |c 20000 |
| 041 | 0 | # | |a Vie |
| 082 | 1 | 4 | |a 959.700 71 |b TH308K |
| 100 | 1 | # | |a Nguyễn, Thị Thạch |
| 245 | 1 | 0 | |a Thiết kế bài giảng lịch sử trung học cơ sở 6 |b theo chương trình và SGK do Bộ giáo dục và đào tạo ban hành năm 2002 |c Nguyễn Thị Thạch |
| 260 | # | # | |a Hà Nội |b ĐHQG Hà Nội |c 2002 |
| 300 | # | # | |a 211 tr. |c 24 cm. |
| 653 | # | # | |a Giáo dục |
| 653 | # | # | |a Đại học |
| 653 | # | # | |a Lịch sử |
| 653 | # | # | |a THCS |
| 653 | # | # | |a bài giảng |
| 653 | # | # | |a thiết kế |
| 852 | # | # | |j KM.0023736 |j KM.0023737 |j KD.0023094 |
| 910 | |d 18/01/2018 | ||
| 980 | # | # | |a Trung tâm Học liệu Lê Vũ Hùng, Trường Đại học Đồng Tháp |